Spell the Marvel Character #64 - Statistics

General Stats
  • This quiz has been taken 31 times
  • The average score is 4 of 5
Answer Stats
Picture Answer % Correct
Iron Man
100%
Rocket Raccoon
96%
Okoye
92%
Howard the Duck
83%
Hiro
71%
No matching quizzes found
Score Distribution
Percent of People with Each Score
Percentile by Number Answered
Your Score History
You have not taken this quiz